000 00578nam a2200217Ii 4500
003 JO-AjNU
008 230606s9999||||xx |||||||||||||| ||und||
020 _a81-224-0684-x
040 _aJO-AjNU
_beng
_erda
_cJO-AjNU
041 _aeng
050 1 4 _aQA76.58.B48.1995
100 3 _aBhujade,Moreshwar,
_eauthor
_9162
245 0 0 _aparallel computing
250 _a1 ed
264 3 1 _aNewDelhi:new age ,1995
300 _a198p
336 _atext
_btxt
_2rdacontent
337 _aunmediated
_bn
_2rdamedia
338 _avolume
_bnc
_2rdacarrier
650 4 _aparallel computing
_9163
999 _aE86
_c86
_d86